<?xml version="1.0" encoding="UTF-8"?>
<marc:record xmlns:marc="http://www.loc.gov/MARC21/slim">
   <marc:leader>00000nam a2200000 a 4500</marc:leader>
   <marc:datafield ind1="1" ind2=" " tag="100">
      <marc:subfield code="a">Morgenstern, Erin</marc:subfield>
      <marc:subfield code="4">aut</marc:subfield>
      <marc:subfield code="e">Verfasser/-in</marc:subfield>
   </marc:datafield>
   <marc:datafield ind1=" " ind2=" " tag="653">
      <marc:subfield code="a">fantastisch</marc:subfield>
   </marc:datafield>
   <marc:datafield ind1=" " ind2=" " tag="653">
      <marc:subfield code="a">Magie</marc:subfield>
   </marc:datafield>
   <marc:datafield ind1=" " ind2=" " tag="653">
      <marc:subfield code="a">Zirkus</marc:subfield>
   </marc:datafield>
   <marc:datafield ind1="0" ind2="0" tag="245">
      <marc:subfield code="a">Nachtzirkus</marc:subfield>
   </marc:datafield>
   <marc:datafield ind1="0" ind2="0" tag="245">
      <marc:subfield code="b">Roman</marc:subfield>
   </marc:datafield>
   <marc:datafield ind1=" " ind2="1" tag="264">
      <marc:subfield code="b">Random House Audio</marc:subfield>
      <marc:subfield code="c">2012</marc:subfield>
   </marc:datafield>
   <marc:datafield ind1="1" ind2=" " tag="520">
      <marc:subfield code="a">Der Zirkus der Träume: eine zauberhafte, geheimnisvolle Welt. Hier findet der Wettbewerb zweier verfeindeter Magier statt. Ihre beiden Kinder sollen den Kampf auf Leben und Tod entscheiden. Doch als sich Celia und Marco begegnen, verlieben sie sich unsterblich ineinander. Gefangen im tödlichen Wettstreit ihrer Väter ringen sie um ihre Liebe und ihr Leben. Autoren-Porträt von Erin Morgenstern: Brigitte Jakobeit lebt als Übersetzerin englischsprachiger Literatur in Hamburg. Sie hat u.a. Werke von William Trevor, Lorrie Moore und Audrey Niffenegger ins Deutsche übertragen. *AundM*</marc:subfield>
   </marc:datafield>
   <marc:datafield ind1=" " ind2=" " tag="020">
      <marc:subfield code="a">9783550088742</marc:subfield>
      <marc:subfield code="9">9783550088742</marc:subfield>
   </marc:datafield>
</marc:record>
